000
00302nam a2200121 a 4500
005
20140414131901.0
008
100918s19uu xx 00 eng d
050
_a
FIC
_b
C86 1999
100
_a
Cresswell, Helen
245
_a
Dragon ride.
260
_a
New York :
_b
Puffin Book,
_c
1989.
999
_c
110654
_d
110654